| 000 | 00848nam a2200265 4500 | ||
|---|---|---|---|
| 999 |
_c8617 _d8617 |
||
| 001 | 22723 | ||
| 003 | BD-DhUAP | ||
| 005 | 20250626123421.0 | ||
| 008 | 060401s2005 ii a 000 0 eng | ||
| 020 | _z9843228187 | ||
| 040 |
_aBD-DhUAP _cBD-DhUAP _dBD-DhUAP _bEng _eBD-DhUAP |
||
| 082 |
_223 _a394.2695492 FES |
||
| 245 | 0 | 0 |
_aFestivals of Bangladesh / _ceditorial board, Anisuzzaman, Shamsuzzaman Khan, Syed Manzoorul Islam. |
| 246 | 3 | 0 | _aBangladesh |
| 250 | _a1st ed. | ||
| 260 |
_aDhaka : _bNymphea Publication, _c2005. |
||
| 300 |
_a117 p. : _bcol. ill. ; _c27 x 30 cm. |
||
| 650 | _aBangladesh Social life and customs. | ||
| 650 | _aFasts and feasts Bangladesh. | ||
| 650 | _aManners and customs. | ||
| 700 | 0 | _aĀnisujjāmāna. | |
| 700 | 1 | _aKhāna, Śāmasujjāmāna. | |
| 700 | 1 | _aIsalāma, Saiẏada Manajurula. | |
| 942 |
_2ddc _cBK |
||